Taber's cyclopedic medical dictionary / (Record no. 4916)
[ view plain ]
| 000 -LEADER | |
|---|---|
| fixed length control field | 00648cam a2200229 a 4500 |
| 001 - CONTROL NUMBER | |
| control field | 12027 |
| 003 - CONTROL NUMBER IDENTIFIER | |
| control field | BD-DhUAP |
| 005 - DATE AND TIME OF LATEST TRANSACTION | |
| control field | 20210124144033.0 |
| 008 - FIXED-LENGTH DATA ELEMENTS--GENERAL INFORMATION | |
| fixed length control field | 201124s2006 ii af b 000 0 eng |
| 020 ## - INTERNATIONAL STANDARD BOOK NUMBER | |
| International Standard Book Number | 8180616606 |
| 040 ## - CATALOGING SOURCE | |
| Original cataloging agency | DLC |
| Transcribing agency | DLC |
| Modifying agency | BD-DhUAP |
| Language of cataloging | eng |
| 082 00 - DEWEY DECIMAL CLASSIFICATION NUMBER | |
| Classification number | 610.3 TAB |
| Edition number | 23 |
| 110 ## - MAIN ENTRY--CORPORATE NAME | |
| Corporate name or jurisdiction name as entry element | F.A. Davis Company. |
| 245 10 - TITLE STATEMENT | |
| Title | Taber's cyclopedic medical dictionary / |
| Statement of responsibility, etc. | edited by Donald Venes ... [et al.]. |
| 250 ## - EDITION STATEMENT | |
| Edition statement | 20th ed. |
| 260 ## - PUBLICATION, DISTRIBUTION, ETC. | |
| Place of publication, distribution, etc. | New Delhi : |
| Name of publisher, distributor, etc. | Jaypee Brothers, |
| Date of publication, distribution, etc. | c2006. |
| 300 ## - PHYSICAL DESCRIPTION | |
| Extent | volumes : |
| Other physical details | illustrations ; |
| Dimensions | 21 cm. |
| 505 ## - FORMATTED CONTENTS NOTE | |
| Formatted contents note | V. 2-- |
| 650 ## - SUBJECT ADDED ENTRY--TOPICAL TERM | |
| Topical term or geographic name entry element | Medicine |
| Form subdivision | Dictionary. |
| 700 ## - ADDED ENTRY--PERSONAL NAME | |
| Personal name | Venes, Donald. |
| 942 ## - ADDED ENTRY ELEMENTS (KOHA) | |
| Source of classification or shelving scheme | |
| Koha item type | Reference |
| Withdrawn status | Lost status | Source of classification or shelving scheme | Damaged status | Not for loan | Permanent Location | Current Location | Shelving location | Date acquired | Full call number | Barcode | Date last seen | Copy number | Price effective from | Koha item type |
|---|---|---|---|---|---|---|---|---|---|---|---|---|---|---|
| UAP Central Library | UAP Central Library | Reference Stacks | 2020-11-24 | REF 610.3 TAB V-2 | 3010012027 | 2020-11-24 | 1 | 2020-11-24 | Reference | |||||
| UAP Central Library | UAP Central Library | Reference Stacks | 2020-11-24 | REF 610.3 TAB V-2 | 3010012028 | 2020-11-24 | 2 | 2020-11-24 | Reference | |||||
| UAP Central Library | UAP Central Library | Reference Stacks | 2020-11-24 | REF 610.3 TAB V-2 | 3010012029 | 2020-11-24 | 3 | 2020-11-24 | Reference | |||||
| UAP Central Library | UAP Central Library | Reference Stacks | 2020-11-24 | REF 610.3 TAB V-2 | 3010012030 | 2020-11-24 | 4 | 2020-11-24 | Reference | |||||
| UAP Central Library | UAP Central Library | Reference Stacks | 2020-11-24 | REF 610.3 TAB V-2 | 3010012031 | 2020-11-24 | 5 | 2020-11-24 | Reference | |||||
| UAP Central Library | UAP Central Library | Reserve Stacks | 2021-01-24 | REF 610.3 TAB V-2 | 3010011356 | 2021-01-24 | 6 | 2021-01-24 | Reference | |||||
| UAP Central Library | UAP Central Library | Reserve Stacks | 2021-01-24 | REF 610.3 TAB V-2 | 3010011348 | 2021-01-24 | 7 | 2021-01-24 | Reference | |||||
| UAP Central Library | UAP Central Library | Reserve Stacks | 2021-01-24 | REF 610.3 TAB V-2 | 3010011351 | 2021-01-25 | 8 | 2021-01-24 | Reference | |||||
| UAP Central Library | UAP Central Library | Reserve Stacks | 2021-01-24 | REF 610.3 TAB V-2 | 3010011353 | 2021-01-25 | 9 | 2021-01-24 | Reference | |||||
| UAP Central Library | UAP Central Library | Reserve Stacks | 2021-01-27 | REF 610.3 TAB | 3010011352 | 2021-01-27 | 10 | 2021-01-27 | Reference |
Bengali Keyboard